Women's studies, diasporas and cultural diversity:essays in literary criticism and culture (Record no. 61875)

MARC details
000 -LEADER
fixed length control field 00799nam a2200181 a 4500
008 - FIXED-LENGTH DATA ELEMENTS--GENERAL INFORMATION
fixed length control field 090826s2008 ||||||||||||||||| || u
050 ## - LIBRARY OF CONGRESS CALL NUMBER
Classification number CBU EXT.DAK.UNIV(02)
245 00 - TITLE STATEMENT
Title Women's studies, diasporas and cultural diversity:essays in literary criticism and culture
Statement of responsibility, etc. Edited by Kandji, Mamadou
260 ## - PUBLICATION, DISTRIBUTION, ETC.
Place of publication, distribution, etc. Dakar
Name of publisher, distributor, etc. Dakar University Press
Date of publication, distribution, etc. 2008
300 ## - PHYSICAL DESCRIPTION
Extent 431p.
350 ## - PRICE (NR) (BK AM CF MU VM SE) [OBSOLETE]
Price 0.00
490 ## - SERIES STATEMENT
Series statement Collection Bridges No. 12
500 ## - GENERAL NOTE
General note Some essays in English, Some in French
650 ## - SUBJECT ADDED ENTRY--TOPICAL TERM
Topical term or geographic name entry element WOMEN IN STUDIES--HISTORY AND CRITICISM
650 ## - SUBJECT ADDED ENTRY--TOPICAL TERM
Topical term or geographic name entry element WOMEN IN LITERATURE
650 ## - SUBJECT ADDED ENTRY--TOPICAL TERM
Topical term or geographic name entry element CULTURAL PLURALISM--HISTORY AND CRITICISM
995 ## - RECOMMENDATION 995 [LOCAL, UNIMARC FRANCE]
-- 0.00
-- CBU-MAIN LIBRARY (Kitwe)
-- 1
-- 0.00
-- 1
-- AVAILABLE
-- Aug 26, 2009
-- University Collection
Holdings
Withdrawn status Lost status Source of classification or shelving scheme Damaged status Not for loan Home library Current library Shelving location Date acquired Total Checkouts Full call number Barcode Date last seen Price effective from Koha item type
          CBU-MAIN LIBRARY, KITWE. CBU-MAIN LIBRARY, KITWE.   11/30/2022   CBU EXT.DAK.UNIV(02) Z03004408 11/30/2022 11/30/2022 MONOGRAPH